000 00325nam a2200145Ia 4500
008 231011s9999 xx 000 0 und d
041 _aeng
082 _a330
100 _aHenson Robert
245 _aClimate Changed
250 _a1st
260 _bPenguin Books India Pvt Ltd -
_c2006
300 _a341
365 _b100
999 _c897003
_d897003